Top 150 largest objects in the solar system - Statistics

General Stats
  • This quiz has been taken 113 times
    81 since last reset
  • The average score is 40 of 150
Answer Stats
Diameter (km) Type Answer % Correct
12,742 Planet Earth
95%
139,822 Planet Jupiter
95%
6,779 Planet Mars
95%
49,244 Planet Neptune
95%
116,464 Planet Saturn
95%
1,391,400 Star Sun
95%
12,104 Planet Venus
95%
4,879 Planet Mercury
90%
2,377 Dwarf planet Pluto
90%
50,724 Planet Uranus
90%
5,268 Moon Ganymede
81%
3,643 Moon Io
81%
3,475 Moon Moon
81%
939 Dwarf planet Ceres
76%
5,149 Moon Titan
76%
3,122 Moon Europa
71%
320 Asteroid (A) Europa
71%
1,430? Dwarf planet Makemake
67%
2,707 Moon Triton
67%
4,820 Moon Callisto
62%
1,212 Moon Charon
62%
2,326? Dwarf planet Eris
62%
1,596 Dwarf planet Haumea
62%
1,471 Moon Iapetus
57%
1,528 Moon Rhea
57%
1,578 Moon Titania
57%
525 Asteroid (A) Vesta
57%
1,158 Moon Ariel
52%
1,230? Dwarf planet Gonggong
52%
1,523 Moon Oberon
52%
1,090? Dwarf planet Quaoar
52%
906??? Dwarf planet Sedna
52%
1,169 Moon Umbriel
52%
504 Moon Enceladus
48%
432 Asteroid (A) Hygiea
48%
472 Moon Miranda
48%
910? Dwarf planet Orcus
48%
512 Asteroid (A) Pallas
48%
1,066 Moon Tethys
48%
1,123 Moon Dione
43%
270 Moon Hyperion
43%
838? Dwarf planet Salacia
43%
340?? Moon Nereid
38%
254 Asteroid (A) Juno
33%
396 Moon Mimas
33%
213 Moon Phoebe
33%
420? Moon Proteus
33%
196? Asteroid (C) Chiron
29%
615?? Moon Dysnomia
29%
710 Dwarf planet Ixion
29%
442? Moon Vanth
29%
740? Dwarf planet Varda
29%
654?? Dwarf planet Varuna
29%
249 Asteroid (C) Chariklo
24%
298 Asteroid (A) Davida
24%
369? Moon Hi'iaka
24%
406? Asteroid (K) Huya
24%
332 Asteroid (A) Interamnia
24%
274 Asteroid (A) Sylvia
24%
450??? Asteroid (K) 2012 VP113
19%
772? Dwarf planet Achlys
19%
768? Dwarf planet Aya
19%
416?? Asteroid (K) Chaos
19%
200? Asteroid (A) Iris
19%
796? Dwarf planet Máni
19%
224 Asteroid (A) Psyche
19%
665? Dwarf planet Uni
19%
200?? Moon Weywot
19%
742?? Dwarf planet Chiminigagua
14%
202 Asteroid (A) Egeria
14%
270 Asteroid (A) Eunomia
14%
250? Asteroid (T) Hektor
14%
403? Moon Ilmarë
14%
179 Moon Janus
14%
194 Moon Larissa
14%
635?? Dwarf planet 2014 UZ224
10%
500??? Asteroid (K) 2018 VG18
10%
393? Moon Actaea
10%
204 Asteroid (A) Amphitrite
10%
263 Asteroid (A) Cybele
10%
211 Asteroid (A) Fortuna
10%
642? Dwarf planet Gǃkúnǁʼhòmdímà
10%
680? Dwarf planet Goibniu
10%
195 Asteroid (A) Hebe
10%
222 Asteroid (A) Herculina
10%
679?? Dwarf planet Ritona
10%
218 Asteroid (A) Thisbe
10%
194 Asteroid (A) Ursula
10%
220?? Moon (148780) Altjira I
5%
398?? Asteroid (K) 1993 SC
5%
187 Asteroid (K) 1995 SM55
5%
340? Asteroid (K) 1996 TL66
5%
268? Asteroid (K) 1998 SM165
5%
392? Asteroid (K) 1998 SN165
5%
310?? Asteroid (K) 1999 CD158
5%
462? Asteroid (K) 1999 DE9
5%
408? Asteroid (K) 2001 QF298
5%
367?? Asteroid (K) 2001 UR163
5%
389 Asteroid (K) 2002 KX14
5%
500? Asteroid (K) 2002 TC302
5%
286 Asteroid (K) 2002 TX300
5%
448? Asteroid (K) 2002 VR128
5%
550? Asteroid (K) 2002 XV93
5%
460? Asteroid (K) 2003 FY128
5%
274? Asteroid (K) 2003 OP32
5%
650?? Dwarf planet 2003 UZ413
5%
524 Asteroid (K) 2003 VS2
5%
424?? Asteroid (K) 2004 NT33
5%
406?? Asteroid (K) 2004 PF115
5%
512? Asteroid (K) 2004 TY364
5%
398? Asteroid (K) 2004 UX10
5%
340?? Asteroid (K) 2004 XA192
5%
556??? Asteroid (K) 2004 XR190
5%
416?? Asteroid (K) 2005 QU182
5%
464?? Asteroid (K) 2005 TB190
5%
498?? Asteroid (K) 2005 UQ513
5%
610??? Dwarf planet 2007 JJ43
5%
330?? Asteroid (K) 2007 OC10
5%
248? Asteroid (C) 2007 RW10
5%
619?? Dwarf planet 2008 OG19
5%
750??? Dwarf planet 2010 JO179
5%
670??? Dwarf planet 2015 RR245
5%
700??? Dwarf planet 2017 OF201
5%
212? Moon (38628) Huya I
5%
186?? Moon (532037) Chiminigagua I
5%
246?? Asteroid (K) Altjira
5%
205 Asteroid (A) Aurora
5%
228 Asteroid (A) Bamberga
5%
187 Asteroid (A) Bertha
5%
198 Asteroid (C) Bienor
5%
210 Asteroid (A) Camilla
5%
224? Asteroid (C) Ceto
5%
188 Asteroid (A) Daphne
5%
216 Asteroid (A) Doris
5%
470? Asteroid (K) Dziewanna
5%
199 Asteroid (A) Elektra
5%
188 Asteroid (A) Eugenia
5%
268 Asteroid (A) Euphrosyne
5%
188 Asteroid (A) Hermione
5%
220? Asteroid (A) Hesperia
5%
252? Asteroid (K) Hiisi
5%
220? Asteroid (K) Leleākūhonua
5%
272? Asteroid (K) Lempo
5%
236? Asteroid (K) Nunam
5%
226 Asteroid (A) Patientia
5%
644??? Dwarf planet Rumina
5%
248? Asteroid (K) Sila
5%
178? Asteroid (K) Teharonhiawako
5%
208 Asteroid (A) Themis
5%
576??? Asteroid (K) Xewioso
5%
No matching quizzes found
Score Distribution
Percent of People with Each Score
Percentile by Number Answered
Your Score History
You have not taken this quiz since the last reset